[Event "IECG CP.2005.P.00122"]
[Site "IECG email"]
[Date "2005.10.01"]
[Round "?"]
[White "Amir, Jacob"]
[Black "Horn, Stephen"]
[Result "1-0"]
[WhiteElo "1300"]
[BlackElo "750"]
[PlyCount "59"]
[EventDate "2005.10.01"]
[EventType "tourn (corr)"]
[EventRounds "6"]
[SourceTitle "Corr 2008"]
[Source "ChessBase"]
[SourceDate "2008.06.24"]
[SourceVersion "1"]
[SourceVersionDate "2008.06.24"]
[SourceQuality "1"]

1. d4 d5 2. c4 dxc4 3. e4 e5 4. Nf3 Bb4+ 5. Bd2 Bxd2+ 6. Qxd2 exd4 7. Qxd4 Nf6 8. Qxd8+ Kxd8 9. Nc3 Be6 10. Nd4 Nbd7 11. Nxe6+ fxe6 12. Bxc4 e5 13. 0-0-0 Ke7 14. Rhf1 Rad8 15. f4 c6 16. Be2 exf4 17. Rxf4 Ne5 18. Rdf1 Rd4 19. g4 h6 20. h4 Nfd7 21. Kb1 Nc5 22. h5 Rhd8 23. a3 Rd2 24. Rf5 Kd6 25. g5 hxg5 26. Rxg5 Rd7 27. h6 gxh6 28. Rf6+ Ne6 29. Rg8 h5 30. Bxh5 1-0

[Event "IECG CP.2005.P.00122"]
[Site "IECG email"]
[Date "2005.10.01"]
[Round "?"]
[White "Horn, Stephen"]
[Black "Gavrileteanu, Lucian"]
[Result "0-1"]
[WhiteElo "750"]
[BlackElo "1860"]
[PlyCount "32"]
[EventDate "2005.10.01"]
[EventType "tourn (corr)"]
[EventRounds "6"]
[SourceTitle "Corr 2008"]
[Source "ChessBase"]
[SourceDate "2008.06.24"]
[SourceVersion "1"]
[SourceVersionDate "2008.06.24"]
[SourceQuality "1"]

1. e4 e5 2. Nf3 Nc6 3. Bb5 a6 4. Ba4 Nf6 5. Nc3 b5 6. Bb3 Be7 7. d3 d6 8. 0-0 Na5 9. Bg5 Nxb3 10. axb3 Bb7 11. Qd2 0-0 12. Bxf6 Bxf6 13. Nd5 Bxd5 14. exd5 Qc8 15. c4 c6 16. Rfc1 Qb7 0-1

[Event "IECG CP.2005.P.00122"]
[Site "IECG email"]
[Date "2005.10.01"]
[Round "?"]
[White "Horn, Stephen"]
[Black "Spasic, Aleksandar"]
[Result "0-1"]
[WhiteElo "750"]
[BlackElo "1403"]
[PlyCount "26"]
[EventDate "2005.10.01"]
[EventType "tourn (corr)"]
[EventRounds "6"]
[SourceTitle "Corr 2024"]
[Source "ChessBase"]
[SourceDate "2023.10.19"]
[SourceVersion "1"]
[SourceVersionDate "2023.10.19"]
[SourceQuality "1"]

1. e4 e6 2. d4 d5 3. Nd2 Nf6 4. e5 Nfd7 5. Bd3 c5 6. c3 Nc6 7. Ne2 Be7 8. 0-0 0-0 9. Nf3 cxd4 10. cxd4 f5 11. a3 Nb6 12. Qb3 Na5 13. Qa2 Bd7 0-1

[Event "IECG TE.2005.P.01925"]
[Site "IECG email"]
[Date "2005.06.19"]
[Round "?"]
[White "Horn, Stephen"]
[Black "Sen, Tuncay"]
[Result "0-1"]
[WhiteElo "750"]
[BlackElo "1820"]
[PlyCount "34"]
[EventDate "2005.05.19"]
[EventType "tourn (corr)"]
[EventRounds "8"]
[SourceTitle "Corr 2008"]
[Source "ChessBase"]
[SourceDate "2008.06.24"]
[SourceVersion "1"]
[SourceVersionDate "2008.06.24"]
[SourceQuality "1"]

1. d4 d5 2. e4 dxe4 3. Nc3 Nf6 4. f3 Bf5 5. fxe4 Nxe4 6. Qf3 Nd6 7. Bf4 e6 8. 0-0-0 c6 9. g4 Bg6 10. Bd3 Bxd3 11. Qxd3 Be7 12. Nf3 0-0 13. h4 Nd7 14. Rdf1 Nf6 15. Ng5 Nde8 16. Be5 g6 17. Qf3 h6 0-1

[Event "IECG TE.2005.P.01925"]
[Site "IECG email"]
[Date "2005.06.19"]
[Round "?"]
[White "Law, Steve"]
[Black "Horn, Stephen"]
[Result "0-1"]
[WhiteElo "1821"]
[BlackElo "750"]
[PlyCount "22"]
[EventDate "2005.05.19"]
[EventType "tourn (corr)"]
[EventRounds "8"]
[SourceTitle "Corr 2024"]
[Source "ChessBase"]
[SourceDate "2023.10.19"]
[SourceVersion "1"]
[SourceVersionDate "2023.10.19"]
[SourceQuality "1"]

1. d4 d5 2. e4 dxe4 3. Nc3 e5 4. Qh5 Nc6 5. dxe5 Bb4 6. Bg5 Bxc3+ 7. bxc3 Qd5 8. Bf4 Nge7 9. c4 Qc5 10. f3 Ng6 11. Ne2 Nd4 0-1